[Event "Detroit (Class DE/5/5)"]
[Site "?"]
[Date "1996.??.??"]
[Round "?"]
[White "Raupp, Christine"]
[Black "Mitchell, Dave"]
[Result "1-0"]
[WhiteElo "1605"]
[BlackElo "1605"]
[PlyCount "45"]
[EventDate "1996.??.??"]

{5/(5)} 1. f4 d6 2. Nf3 Nf6 3. e3 c6 4. b3 Bg4 5. Be2 Nbd7 6. Bb2 e6 7. O-O Qb6
8. Nc3 d5 9. Ne5 Bxe2 10. Qxe2 Nxe5 11. fxe5 Ne4 12. Nxe4 dxe4 13. Qg4 Qc7 14.
Qxe4 O-O-O 15. d4 Qe7 16. c4 Rd7 17. Rac1 g6 18. d5 exd5 19. cxd5 Rxd5 20. Qxd5
Kb8 21. Qd6+ Qc7 22. Qxc7+ Kxc7 23. Rxf7+ 1-0

[Event "Flint (MI Jr/2/12)"]
[Site "?"]
[Date "1996.??.??"]
[Round "?"]
[White "Raupp, Christine"]
[Black "Jewett, Brandon"]
[Result "0-1"]
[WhiteElo "1605"]
[BlackElo "1605"]
[PlyCount "120"]
[EventDate "1996.??.??"]

{2/(12)} 1. f4 Nc6 2. e3 d5 3. Bb5 Bd7 4. Nf3 h6 5. b3 e6 6. Bb2 Nf6 7. O-O Be7
8. Bxc6 Bxc6 9. Ne5 Bb5 10. d3 Bd6 11. Nd2 c5 12. Qe1 O-O 13. Qg3 Be8 14. h4
Bxe5 15. fxe5 Nd7 16. Rf4 h5 17. Qh3 f6 18. exf6 Nxf6 19. Qxe6+ Bf7 20. Qh3 Ng4
21. Raf1 Qe7 22. e4 d4 23. Nf3 Be6 24. Qg3 Rxf4 25. Qxf4 Rf8 26. Qg5 Qxg5 27.
Nxg5 Rxf1+ 28. Kxf1 Ne3+ 29. Kf2 Bg4 30. Bc1 Nxc2 31. a3 b5 32. Kg3 a5 33. Kf4
b4 34. a4 Bd1 35. Bd2 Na1 36. e5 Nxb3 37. e6 Kf8 38. Ne4 Nxd2 39. Nxd2 Bxa4 40.
Ke5 b3 41. Kd6 b2 42. e7+ Ke8 43. Ke6 Bb3+ 44. Kd6 Ba2 45. Ne4 b1=Q 46. Kc7
Kxe7 47. Nxc5 Qc2 48. Kc6 Qxg2+ 49. Kb5 Qd5 50. Kb6 g5 51. hxg5 Kf7 52. g6+
Kxg6 53. Ne4 Qxe4 54. dxe4 h4 55. e5 h3 56. Kc5 h2 57. e6 Bxe6 58. Kxd4 a4 59.
Kc3 a3 60. Kc2 a2 0-1

[Event "Detroit (Class DE/1/2)"]
[Site "?"]
[Date "1996.??.??"]
[Round "?"]
[White "Raupp, Christine"]
[Black "Hill, M."]
[Result "1-0"]
[WhiteElo "1605"]
[BlackElo "1605"]
[PlyCount "39"]
[EventDate "1996.??.??"]

{1/(2)} 1. f4 g6 2. e3 Bg7 3. Nf3 d6 4. Nc3 b6 5. b3 Bb7 6. Bb2 Nf6 7. Bd3 Nbd7
8. O-O O-O 9. Qe1 Nh5 10. Qh4 e5 11. Ng5 h6 12. g4 hxg5 13. fxg5 Bh6 14. gxh5
Kg7 15. hxg6 fxg6 16. Rxf8 Kxf8 17. Qxh6+ Ke7 18. Bxg6 Nf8 19. Qg7+ Ke6 20.
Qf7# 1-0

[Event "Detroit (Class DE/2/7)"]
[Site "?"]
[Date "1996.??.??"]
[Round "?"]
[White "Raupp, Christine"]
[Black "Dolin, Jack"]
[Result "1-0"]
[WhiteElo "1605"]
[BlackElo "1605"]
[PlyCount "109"]
[EventDate "1996.??.??"]

{2/(7)} 1. f4 d5 2. Nf3 c5 3. e3 Nc6 4. Bb5 a6 5. Bxc6+ bxc6 6. b3 Nf6 7. Bb2
Bg4 8. O-O g6 9. h3 Bf5 10. Ne5 Qc7 11. d3 Bg7 12. Nd2 O-O 13. Qe1 Nd7 14. Qg3
Nxe5 15. Bxe5 Bxe5 16. fxe5 Qd7 17. Rf4 f6 18. Nf3 Rab8 19. Rf1 Rb4 20. Nh4
Rxf4 21. Rxf4 Kh8 22. Nxf5 gxf5 23. Rh4 Rg8 24. Qf4 Qe6 25. exf6 Qxf6 26. Qh6
Qxh6 27. Rxh6 Rc8 28. Re6 Rc7 29. Re5 d4 30. Rxf5 dxe3 31. Rxc5 Kg7 32. Re5 Kf6
33. Rxe3 Rd7 34. Kf2 e5 35. g4 c5 36. h4 h6 37. Kf3 Ke6 38. g5 hxg5 39. hxg5
Kf5 40. Ke2 Rg7 41. Rg3 Rxg5 42. Rxg5+ Kxg5 43. Ke3 Kf5 44. c3 a5 45. d4 cxd4+
46. cxd4 e4 47. a3 Ke6 48. Kxe4 Kd6 49. d5 Ke7 50. Ke5 Kd7 51. b4 a4 52. b5 Kc7
53. d6+ Kd7 54. b6 Kc6 55. Ke6 1-0

[Event "Howell (US Am N/6/35)"]
[Site "?"]
[Date "1996.??.??"]
[Round "?"]
[White "Rasor, J."]
[Black "Tack, K."]
[Result "1/2-1/2"]
[WhiteElo "1605"]
[BlackElo "1605"]
[PlyCount "112"]
[EventDate "1996.??.??"]

{6/(35)} 1. e4 e5 2. f4 exf4 3. Bc4 Qh4+ 4. Kf1 d6 5. d4 Bg4 6. Nf3 g5 7. Nc3
Bxf3 8. Qxf3 c6 9. g3 Qh3+ 10. Kg1 Bg7 11. Ne2 Nd7 12. Qb3 Nh6 13. gxf4 Qxb3
14. Bxb3 gxf4 15. Bxf4 f5 16. Bxh6 Bxh6 17. exf5 d5 18. c3 Nf6 19. Ng3 Kf7 20.
Re1 Rae8 21. Kg2 Rhg8 22. Bd1 Rxe1 23. Rxe1 Ne4 24. Kf3 Nd2+ 25. Kf2 Nc4 26.
Bh5+ Kf8 27. Re8+ Kg7 28. Re7+ Kh8 29. Rxb7 Rg7 30. Rb8+ Rg8 31. Rxg8+ Kxg8 32.
b3 Nd6 33. Bg4 Bd2 34. Ne2 Ne4+ 35. Kf3 Nxc3 36. Nxc3 Bxc3 37. Ke3 Kf7 38. Bh5+
Ke7 39. Be2 a5 40. Ba6 Kf6 41. Bc8 h6 42. Bd7 Bb2 43. Bxc6 Kxf5 44. Bxd5 Kf6
45. Ke4 Ke7 46. Bc4 Kd6 47. d5 Ba3 48. Kf5 Bb2 49. Kg6 Bc1 50. h4 Ke5 51. a3
Kd6 52. b4 axb4 53. axb4 Bd2 54. Bb3 Be3 55. h5 Bd2 56. b5 Kc5 1/2-1/2

[Event "Howell (US Am N/5/27)"]
[Site "?"]
[Date "1996.??.??"]
[Round "?"]
[White "Rasor, J."]
[Black "Pagel, R."]
[Result "0-1"]
[WhiteElo "1605"]
[BlackElo "1705"]
[PlyCount "134"]
[EventDate "1996.??.??"]

{5/(27)} 1. e4 Nf6 2. e5 Nd5 3. d4 d6 4. c4 Nb6 5. f4 dxe5 6. fxe5 Nc6 7. Nf3
Bg4 8. Be2 Bxf3 9. Bxf3 Nxd4 10. Bxb7 Rb8 11. Be3 Rxb7 12. Bxd4 e6 13. O-O c5
14. Bc3 Qxd1 15. Rxd1 Nxc4 16. b3 Ne3 17. Rd2 Be7 18. Na3 O-O 19. Rd3 Nd5 20.
Ba5 Bd8 21. Be1 Bb6 22. Nc4 h6 23. Bf2 Rd8 24. Nd6 Rbd7 25. Rc1 Nb4 26. Rd2 Nc6
27. Bg3 Nd4 28. Bf2 Ba5 29. Bxd4 Bxd2 30. Rxc5 Bb4 31. Rc4 Bxd6 32. exd6 Rxd6
33. Be3 Ra6 34. Rc2 Rd5 35. b4 Rd1+ 36. Kf2 Ra1 37. Rc8+ Kh7 38. Rb8 R6xa2+ 39.
Kf3 Rf1+ 40. Ke4 Rxg2 41. Bxa7 Rb1 42. b5 Rxh2 43. b6 Re2+ 44. Kf3 Re5 45. Rb7
Rf1+ 46. Kg2 Ref5 47. Rd7 R1f2+ 48. Kg1 R2f4 49. Bb8 Rg4+ 50. Kh1 e5 51. Rd2
Rh5+ 52. Rh2 Rxh2+ 53. Kxh2 Rb4 54. Bc7 e4 55. Kg2 f5 56. Kf2 Rb3 57. Ke2 g5
58. Bd8 f4 59. Bc7 Kg6 60. Bd8 g4 61. Bc7 Kf5 62. Bd8 Rb2+ 63. Kf1 e3 64. b7 f3
65. Bh4 Rxb7 66. Bg3 Rb1+ 67. Be1 g3 0-1

[Event "Howell (US Am N/2/27)"]
[Site "?"]
[Date "1996.??.??"]
[Round "?"]
[White "Rasor, J."]
[Black "Merte, Otto"]
[Result "1/2-1/2"]
[WhiteElo "1605"]
[BlackElo "1850"]
[PlyCount "79"]
[EventDate "1996.??.??"]

{2/(27)} 1. e4 c5 2. f4 d6 3. Nf3 Nf6 4. Nc3 e6 5. Bb5+ Bd7 6. Bxd7+ Nfxd7 7.
O-O Be7 8. b3 O-O 9. Bb2 Nc6 10. Qe1 a6 11. Rd1 b5 12. d4 cxd4 13. Nxd4 Nxd4
14. Rxd4 Qb6 15. Qe3 d5 16. exd5 Bc5 17. Ne4 Bxd4 18. Bxd4 Qc7 19. Qg3 f6 20.
dxe6 Rae8 21. f5 Qxg3 22. hxg3 Ne5 23. Bc5 Rc8 24. Bxf8 Kxf8 25. Rc1 Ke7 26.
Nd2 g6 27. fxg6 hxg6 28. c4 bxc4 29. bxc4 Kxe6 30. Kf1 Kf5 31. Ke2 Kg4 32. c5
f5 33. Nf3 Nxf3 34. gxf3+ Kxg3 35. Rg1+ Kf4 36. Rxg6 Rxc5 37. Rxa6 Rc2+ 38. Kd3
Rf2 39. a4 Rxf3+ 40. Ke2 1/2-1/2

[Event "Cadillac Open/4/2"]
[Site "?"]
[Date "1996.??.??"]
[Round "?"]
[White "Rajlich, Vasik"]
[Black "Wysocki, Jason"]
[Result "1-0"]
[WhiteElo "2220"]
[BlackElo "2125"]
[PlyCount "67"]
[EventDate "1996.??.??"]

{4/2} 1. e4 Nc6 2. d4 d5 3. Nc3 e6 4. Nf3 Bb4 5. e5 b6 6. a3 Be7 7. Bd3 Bb7 8.
O-O h5 9. Be3 Nh6 10. Qd2 Qd7 11. b4 O-O-O 12. Na4 Kb8 13. b5 Na5 14. Nc5 Qe8
15. Nxb7 Kxb7 16. Rfb1 Nf5 17. a4 Qf8 18. Be2 Nxe3 19. Qxe3 Kb8 20. Nd2 g5 21.
c3 f5 22. Nb3 Nxb3 23. Rxb3 f4 24. Qd2 g4 25. a5 Rd7 26. c4 dxc4 27. Bxc4 Qf5
28. Bd3 Qg5 29. Qc3 g3 30. Qc6 gxf2+ 31. Kh1 f3 32. g3 Qe3 33. a6 Qe1+ 34. Bf1
1-0

[Event "Lansing (MI Op/1b/4)"]
[Site "?"]
[Date "1996.??.??"]
[Round "?"]
[White "Rajlich, Vasik"]
[Black "Vandivier, Don"]
[Result "1-0"]
[WhiteElo "2235"]
[BlackElo "1925"]
[PlyCount "113"]
[EventDate "1996.??.??"]

1. e4 c5 2. Nf3 d6 3. d4 cxd4 4. Nxd4 Nf6 5. Nc3 a6 6. Bg5 e6 7. f4 Be7 8. Qf3
Qc7 9. O-O-O Nbd7 10. g4 b5 11. Bxf6 Nxf6 12. g5 Nd7 13. f5 Ne5 14. Qg3 b4 15.
Nce2 exf5 16. Nxf5 Bxf5 17. exf5 Rc8 18. Nd4 Qc5 19. Bxa6 Rb8 20. f6 gxf6 21.
gxf6 Bxf6 22. Rhf1 Qa5 23. Rxf6 Qxa6 24. Qxe5+ dxe5 25. Rxa6 exd4 26. Rxd4 Rg8
27. Rh6 Rg1+ 28. Rd1 Rg7 29. Rh4 Ke7 30. Re4+ Kf8 31. Rdd4 Rg1+ 32. Kd2 Rg2+
33. Re2 Rg1 34. h4 Rb1 35. Rd7 Rxb2 36. Rf2 Rxa2 37. Rfxf7+ Kg8 38. Rg7+ Kf8
39. Rxh7 Kg8 40. Rdg7+ Kf8 41. Rb7 Rd8+ 42. Kc1 Kg8 43. Rbg7+ Kf8 44. h5 Ra1+
45. Kb2 Rh1 46. Rb7 Kg8 47. h6 Rg1 48. Kb3 Rc8 49. Rhd7 Rb1+ 50. Ka4 Rg1 51.
Kb5 Rg2 52. Kxb4 Rgxc2 53. Rg7+ Kf8 54. h7 R8c4+ 55. Kb5 Rc5+ 56. Kb6 Rc6+ 57.
Ka7 1-0

[Event "Howell (MI Inv/3)"]
[Site "?"]
[Date "1996.??.??"]
[Round "?"]
[White "Rajlich, Vasik"]
[Black "Toma, A."]
[Result "0-1"]
[WhiteElo "2195"]
[BlackElo "2270"]
[PlyCount "72"]
[EventDate "1996.??.??"]

1. e4 e5 2. Nf3 Nc6 3. Bb5 a6 4. Ba4 Nf6 5. O-O b5 6. Bb3 Bb7 7. Re1 Bc5 8. c3
d6 9. d4 Ba7 10. a4 O-O 11. Na3 b4 12. Nc4 exd4 13. cxd4 d5 14. exd5 Nxd5 15.
Bg5 f6 16. Be3 Kh8 17. Nh4 Nxe3 18. Rxe3 g6 19. Rh3 Ne7 20. Qg4 Bc8 21. Qf3
Bxh3 22. Qxh3 Qxd4 23. Ne3 Qxb2 24. Nc2 Qc3 25. Re1 Qxh3 26. gxh3 Nc6 27. Bd5
Nd4 28. Nxb4 Rad8 29. Be4 Rfe8 30. Kf1 a5 31. Nd5 f5 32. Bg2 Rxe1+ 33. Kxe1 c5
34. Kd2 g5 35. Nf3 Rxd5 36. Nxg5 Rd7 0-1

[Event "Howell (MI Inv/5)"]
[Site "?"]
[Date "1996.??.??"]
[Round "?"]
[White "Rajlich, Vasik"]
[Black "Thompson, Dexter"]
[Result "1-0"]
[WhiteElo "2195"]
[BlackElo "2325"]
[PlyCount "145"]
[EventDate "1996.??.??"]

1. e4 e5 2. Nf3 Nc6 3. Bb5 a6 4. Ba4 Nf6 5. O-O b5 6. Bb3 Be7 7. Re1 O-O 8. c3
d6 9. h3 Na5 10. Bc2 c5 11. d4 Qc7 12. Nbd2 cxd4 13. cxd4 Bd7 14. Nf1 Rac8 15.
Ne3 Nc6 16. d5 Nb4 17. Bb1 a5 18. Nh2 Bd8 19. Bd2 Na6 20. Nhf1 Nc5 21. Ng3 g6
22. Bc2 b4 23. Rc1 Qb8 24. Kh2 Qb5 25. Bb1 Nd3 26. Rxc8 Bxc8 27. Qe2 Ba6 28.
Bxd3 Qxd3 29. Qxd3 Bxd3 30. f3 Bb6 31. Rc1 Bc5 32. Nc4 Bxc4 33. Rxc4 Rc8 34.
Rc1 Nd7 35. Nh1 Nb6 36. b3 a4 37. bxa4 Ra8 38. Rc2 Rxa4 39. Bh6 f5 40. Nf2 f4
41. Nd3 Nd7 42. Rb2 Nb6 43. g3 Nc4 44. Nxc5 dxc5 45. Rc2 Ne3 46. Rxc5 Rxa2+ 47.
Kg1 b3 48. Rc8+ Kf7 49. Rc7+ Ke8 50. d6 Rg2+ 51. Kh1 Rd2 52. gxf4 b2 53. Rb7
Nc4 54. fxe5 Rd1+ 55. Kg2 Kd8 56. e6 Kc8 57. Rb4 b1=Q 58. d7+ Kc7 59. Bf4+ Nd6
60. Bxd6+ Rxd6 61. Rxb1 Rxe6 62. Rd1 Kd8 63. Kf2 g5 64. Rd5 h6 65. Kg3 Rf6 66.
e5 Rf5 67. Kg4 Rf4+ 68. Kh5 Rxf3 69. Kxh6 Rxh3+ 70. Kxg5 Rh8 71. e6 Rh7 72. Kg6
Re7 73. Rd6 1-0

[Event "Detroit (MI Team/2/2/1)"]
[Site "?"]
[Date "1996.??.??"]
[Round "?"]
[White "Rajlich, Vasik"]
[Black "Olevskiy, D."]
[Result "0-1"]
[WhiteElo "2195"]
[BlackElo "2215"]
[PlyCount "80"]
[EventDate "1996.??.??"]

{2/2} 1. e4 c5 2. Nf3 d6 3. d4 cxd4 4. Nxd4 Nf6 5. Nc3 g6 6. Be3 Bg7 7. f3 O-O
8. Qd2 Nc6 9. g4 Nxd4 10. Bxd4 Be6 11. O-O-O Rc8 12. h4 Qa5 13. a3 a6 14. h5 b5
15. h6 Bh8 16. g5 Nd7 17. Bh3 Bxh3 18. Rxh3 Qd8 19. Bg7 Nb6 20. f4 Nc4 21. Qd4
e5 22. fxe5 Qxg5+ 23. Kb1 dxe5 24. Qa7 Bxg7 25. hxg7 Kxg7 26. Qxa6 Nd2+ 27. Ka2
b4 28. Nd5 Nxe4 29. Re1 Nc5 30. Qd6 Rfd8 31. Qxe5+ Qxe5 32. Rxe5 bxa3 33. Rxa3
Ne6 34. c3 Rc5 35. Rxe6 fxe6 36. Ra7+ Kh6 37. Nf4 Re8 38. Nd3 Rcc8 39. Ne5 Ra8
40. Rxa8 Rxa8+ 0-1

[Event "Howell (MI Inv/1)"]
[Site "?"]
[Date "1996.??.??"]
[Round "?"]
[White "Rajlich, Vasik"]
[Black "Noren, Kevin"]
[Result "0-1"]
[WhiteElo "2195"]
[BlackElo "2320"]
[PlyCount "38"]
[EventDate "1996.??.??"]

1. e4 e5 2. Nf3 Nc6 3. Bb5 Nd4 4. Nxd4 exd4 5. O-O Bc5 6. d3 c6 7. Bc4 d5 8.
exd5 cxd5 9. Re1+ Ne7 10. Qh5 O-O 11. Bb3 a5 12. c4 a4 13. Bc2 Be6 14. Bg5 Qd7
15. Nd2 Bg4 16. Qh4 Ng6 17. Qg3 Bd6 18. f4 f6 19. Bh4 Bxf4 0-1

[Event "Detroit (MEX/1/2)"]
[Site "?"]
[Date "1996.??.??"]
[Round "?"]
[White "Rajlich, Vasik"]
[Black "Koster, Ed"]
[Result "1-0"]
[WhiteElo "2250"]
[BlackElo "2100"]
[PlyCount "120"]
[EventDate "1996.??.??"]

{1/(2)} 1. e4 Nf6 2. e5 Nd5 3. d4 d6 4. c4 Nb6 5. f4 dxe5 6. fxe5 Nc6 7. Be3
Bf5 8. Nf3 Nb4 9. Na3 e6 10. Be2 Be7 11. O-O O-O 12. Qe1 Nd3 13. Qc3 Na4 14.
Qb3 Naxb2 15. Nc2 c5 16. dxc5 Qc7 17. Nfe1 Nxe1 18. Raxe1 Bxc2 19. Qxc2 Qxe5
20. Bc1 Qxc5+ 21. Kh1 Nxc4 22. Qxc4 Qxc4 23. Bxc4 Rac8 24. Bb3 Bf6 25. g4 h6
26. Re4 Bh4 27. Bb2 Bg5 28. Re2 Rc7 29. Rf3 Rd8 30. Kg2 Rcd7 31. Bc3 Rd3 32.
Ref2 Be3 33. Rc2 Rc8 34. Be1 Rcd8 35. Bf2 Bxf2 36. Rfxf2 R3d7 37. Rfe2 b5 38.
Rf2 a5 39. Rce2 a4 40. Bc2 Rd4 41. Kf3 Kf8 42. Re4 Ke7 43. Ke3 Rxe4+ 44. Bxe4
b4 45. Rc2 Rb8 46. Rc7+ Kf6 47. Rb7 Rxb7 48. Bxb7 b3 49. a3 Ke5 50. Kd3 f5 51.
gxf5 exf5 52. Bc6 f4 53. Bxa4 b2 54. Kc2 g5 55. Kxb2 g4 56. Kc3 h5 57. Kd3 h4
58. Ke2 Kd4 59. Bd7 g3 60. h3 Kc3 1-0

[Event "Lansing (MI Op/5/6)"]
[Site "?"]
[Date "1996.??.??"]
[Round "?"]
[White "Rajlich, Vasik"]
[Black "Kende, M."]
[Result "1/2-1/2"]
[WhiteElo "2235"]
[BlackElo "2020"]
[PlyCount "70"]
[EventDate "1996.??.??"]

{5/(6)} 1. e4 c5 2. Nf3 Nc6 3. d4 cxd4 4. Nxd4 g6 5. Nc3 Nf6 6. Nxc6 bxc6 7. e5
Nh5 8. Bc4 d5 9. Nxd5 cxd5 10. Bxd5 Be6 11. Bc6+ Bd7 12. Bxa8 Qxa8 13. O-O Ng7
14. Qd3 Ne6 15. Be3 Bg7 16. f4 Nc7 17. Rfd1 Bc6 18. g3 O-O 19. Qa3 a6 20. Qxe7
Nd5 21. Qa7 Nxe3 22. Qxe3 Rc8 23. h4 Bf8 24. Kh2 Be4 25. c3 Bc5 26. Qe1 Bf3 27.
Rd3 Be4 28. Rd2 Bf5 29. Qh1 Be4 30. Qf1 h5 31. Re1 Qc6 32. Qh3 Bf5 33. Qg2 Qb6
34. a3 a5 35. Qf1 Be3 1/2-1/2

[Event "Detroit (MEX/3/1)"]
[Site "?"]
[Date "1996.??.??"]
[Round "?"]
[White "Rajlich, Vasik"]
[Black "Kamberi, Sonny"]
[Result "1/2-1/2"]
[WhiteElo "2250"]
[BlackElo "2180"]
[PlyCount "45"]
[EventDate "1996.??.??"]

{3/(1)} 1. e4 e5 2. Nf3 Nc6 3. Bb5 a6 4. Ba4 Nf6 5. O-O Be7 6. Re1 b5 7. Bb3
O-O 8. c3 d5 9. exd5 e4 10. Ng5 Bg4 11. Qc2 Ne5 12. Nxe4 Nxe4 13. Qxe4 Bd6 14.
f4 f5 15. Qe3 Ng6 16. g3 Re8 17. Qxe8+ Qxe8 18. Rxe8+ Rxe8 19. Na3 Re1+ 20. Kg2
Re2+ 21. Kg1 Re1+ 22. Kg2 Re2+ 23. Kg1 1/2-1/2

[Event "Cadillac Open/2/3"]
[Site "?"]
[Date "1996.??.??"]
[Round "?"]
[White "Rajlich, Vasik"]
[Black "Evans Sr., Thomas"]
[Result "1-0"]
[WhiteElo "2250"]
[BlackElo "1890"]
[PlyCount "85"]
[EventDate "1996.??.??"]

{2/3} 1. e4 e6 2. d4 d5 3. e5 c5 4. c3 cxd4 5. cxd4 Bb4+ 6. Nc3 Ne7 7. Qg4 O-O
8. Bd3 Nbc6 9. Nf3 Nf5 10. O-O f6 11. Ne2 fxe5 12. dxe5 Bd7 13. Nf4 Qc7 14. Nh5
Be8 15. Nf6+ Kh8 16. Nxh7 Kxh7 17. Ng5+ Kg8 18. Nxe6 Qxe5 19. Nxf8 Bd6 20. g3
Ncd4 21. Bf4 Qf6 22. Bxd6 Nxd6 23. Nh7 Qe5 24. Rae1 Bh5 25. Rxe5 Bxg4 26. Rxd5
Nf3+ 27. Kg2 Rd8 28. Ng5 Nxg5 29. Rxg5 Be6 30. Re1 Nf7 31. Rh5 Rxd3 32. Rxe6
Kf8 33. Re3 Rd2 34. Rf5 g6 35. Rf4 Rd7 36. Ref3 Kg8 37. Rxf7 Rxf7 38. Rxf7 Kxf7
39. Kf3 Kf6 40. Kf4 b5 41. b4 g5+ 42. Ke4 Ke6 43. h4 1-0

[Event "Lansing (MI Op/3/4)"]
[Site "?"]
[Date "1996.??.??"]
[Round "?"]
[White "Rajlich, Vasik"]
[Black "Avery, Robert W"]
[Result "0-1"]
[WhiteElo "2235"]
[BlackElo "2140"]
[PlyCount "40"]
[EventDate "1996.??.??"]

{3/(4)} 1. e4 e5 2. Nf3 Nc6 3. Bb5 Bc5 4. c3 Nf6 5. O-O O-O 6. d4 Bb6 7. Re1 d6
8. Bg5 Bd7 9. Na3 h6 10. Bh4 Re8 11. dxe5 Nxe5 12. Nxe5 Rxe5 13. Bxd7 Qxd7 14.
Bxf6 gxf6 15. Nc4 Rg5 16. a4 Qh3 17. g3 Rxg3+ 18. hxg3 Qxg3+ 19. Kh1 Qh3+ 20.
Kg1 Kh7 0-1

[Event "Detroit (MI Women/2/5)"]
[Site "?"]
[Date "1996.??.??"]
[Round "?"]
[White "Rahal, N."]
[Black "Zarzycki, Amanda"]
[Result "1-0"]
[WhiteElo "1605"]
[BlackElo "1605"]
[PlyCount "37"]
[EventDate "1996.??.??"]

{2/(5)} 1. e4 d5 2. Nc3 dxe4 3. Nxe4 Nc6 4. Bc4 Bf5 5. Ng5 Nh6 6. Qf3 Nd4 7.
Qxb7 Nxc2+ 8. Kf1 Nxa1 9. Bb5+ Bd7 10. Qd5 Rb8 11. Bc4 Be6 12. Qc6+ Qd7 13. Qe4
Bxc4+ 14. Qxc4 Rc8 15. N1f3 Qf5 16. d3 c6 17. Qd4 e6 18. Ne5 Nc2 19. Qd7# 1-0

[Event "Kalamazoo (Mini-Swiss.2/2)"]
[Site "?"]
[Date "1996.??.??"]
[Round "?"]
[White "Pulsipher, D."]
[Black "Richter, William"]
[Result "1-0"]
[WhiteElo "1735"]
[BlackElo "1605"]
[PlyCount "57"]
[EventDate "1996.??.??"]

{2/(2)} 1. d4 d5 2. c4 dxc4 3. Nf3 Nf6 4. e3 Bg4 5. Bxc4 e6 6. O-O Bd6 7. h3
Bh5 8. Nc3 a6 9. Be2 c6 10. Bd2 O-O 11. Rc1 Nbd7 12. e4 Bb8 13. Qc2 Bg6 14.
Rfd1 Nb6 15. Be3 Nbd5 16. Bd3 Nb4 17. Qb1 Nxd3 18. Qxd3 Nh5 19. Bg5 Qc7 20. Qe2
Nf4 21. Qe3 Nxh3+ 22. gxh3 Qd7 23. Bf4 h6 24. Bxb8 Raxb8 25. Ne2 Rbe8 26. Ng3
f5 27. exf5 Bxf5 28. Nxf5 Rxf5 29. Ne5 {[Ramainder illegile; 1-0, 38?]} 1-0

[Event "Kalamazoo (Swiss/5/5)"]
[Site "?"]
[Date "1996.??.??"]
[Round "?"]
[White "Pulsipher, D."]
[Black "Engstrom, Nate"]
[Result "1-0"]
[WhiteElo "1715"]
[BlackElo "1605"]
[PlyCount "53"]
[EventDate "1996.??.??"]

{5/(5)} 1. d4 Nf6 2. c4 g6 3. g3 Bg7 4. Bg2 O-O 5. e4 d6 6. Ne2 Bg4 7. f3 Be6
8. d5 Bd7 9. O-O c6 10. Nbc3 cxd5 11. cxd5 a6 12. Be3 Nh5 13. Qd2 Qc8 14. Rac1
Bh3 15. Na4 Qxc1 16. Rxc1 Bxg2 17. Kxg2 Nd7 18. Nb6 Nxb6 19. Bxb6 Rac8 20. Bd4
Nf6 21. Rc2 Nd7 22. Bxg7 Kxg7 23. Qc1 Rxc2 24. Qxc2 Nc5 25. b4 Nd7 26. Qc7 Nf6
27. Qxb7 1-0

[Event "Ann Arbor (Fall Open/2/4)"]
[Site "?"]
[Date "1996.??.??"]
[Round "?"]
[White "Pownsend, P."]
[Black "Miller, R."]
[Result "1-0"]
[WhiteElo "1905"]
[BlackElo "1870"]
[PlyCount "95"]
[EventDate "1996.??.??"]

{2/(4)} 1. e4 c5 2. f4 e6 3. Nf3 d5 4. e5 Nc6 5. d4 Qb6 6. c3 cxd4 7. cxd4 Bb4+
8. Nc3 Bd7 9. a3 Be7 10. b4 Rc8 11. Na4 Qc7 12. Be3 Nh6 13. Rc1 Qd8 14. Nc5
Bxc5 15. Rxc5 Ne7 16. Qc1 Nef5 17. Bd2 O-O 18. Bd3 Rxc5 19. Qxc5 b6 20. Qc2 Qe7
21. Qc7 Ba4 22. Qxe7 Nxe7 23. Ke2 Rc8 24. Rc1 b5 25. Rc5 a6 26. h3 Bb3 27. g4
Bc4 28. f5 Rxc5 29. dxc5 Nc6 30. Bxh6 gxh6 31. Ke3 Bb3 32. Nd4 Nxd4 33. Kxd4
Kf8 34. c6 Ke7 35. f6+ Ke8 36. Bxh7 Bd1 37. Bg8 Bc2 38. Bxf7+ Kd8 39. Bxe6 Bg6
40. f7 Bxf7 41. Bxf7 Ke7 42. Kxd5 Kd8 43. Kd6 Kc8 44. Be6+ Kb8 45. c7+ Ka7 46.
c8=Q a5 47. Kc6 a4 48. Qb7# 1-0

[Event "Detroit (MI Action/6/15)"]
[Site "?"]
[Date "1996.??.??"]
[Round "?"]
[White "Powell, Chris"]
[Black "Frantz, John W"]
[Result "0-1"]
[WhiteElo "1605"]
[BlackElo "1605"]
[PlyCount "56"]
[EventDate "1996.??.??"]

{6/(15)} 1. e4 c5 2. Nf3 d6 3. d4 cxd4 4. Nxd4 a6 5. Nc3 Nf6 6. Bf4 e5 7. Be3
exd4 8. Bxd4 Nc6 9. Be3 Be7 10. Bc4 b5 11. Bb3 Qa5 12. O-O O-O 13. Qf3 Ne5 14.
Qg3 b4 15. Ne2 Nxe4 16. Qf4 Nf6 17. h3 Be6 18. Nd4 Ng6 19. Qh2 Bxb3 20. axb3
Qe5 21. Qxe5 dxe5 22. Nf5 Rfc8 23. c4 bxc3 24. bxc3 Rxc3 25. Bd2 Rxb3 26. Bg5
Nd5 27. Bxe7 Ndxe7 28. Nxe7+ Nxe7 0-1

[Event "Detroit (MI Action/5/23)"]
[Site "?"]
[Date "1996.??.??"]
[Round "?"]
[White "Powell, Chris"]
[Black "Frantz, John C"]
[Result "1-0"]
[WhiteElo "1605"]
[BlackElo "1605"]
[PlyCount "41"]
[EventDate "1996.??.??"]

{5/(23)} 1. f4 e6 2. Nh3 Be7 3. e3 Bh4+ 4. g3 Bf6 5. b4 Bxa1 6. Nc3 Bxc3 7.
dxc3 h5 8. Qe2 h4 9. gxh4 Rxh4 10. Qf2 Rxh3 11. Bxh3 Nh6 12. Rg1 g6 13. b5 a6
14. bxa6 bxa6 15. Ba3 d6 16. Bg2 e5 17. Bxa8 Nf5 18. fxe5 dxe5 19. Be4 Qd7 20.
Bxf5 gxf5 21. Rg8# 1-0

[Event "Detroit (WCO/2/18)"]
[Site "?"]
[Date "1996.??.??"]
[Round "?"]
[White "Powell, Antione"]
[Black "Sobh, S."]
[Result "0-1"]
[WhiteElo "1605"]
[BlackElo "1605"]
[PlyCount "46"]
[EventDate "1996.??.??"]

{2/(18)} 1. e4 e5 2. Nf3 Nc6 3. d4 exd4 4. Nxd4 Nf6 5. Nxc6 bxc6 6. Nc3 Bb4 7.
Qd3 O-O 8. e5 Ng4 9. Qd4 Bxc3+ 10. bxc3 d6 11. exd6 cxd6 12. Bb2 c5 13. Qd2 Qh4
14. g3 Qe7+ 15. Be2 Re8 16. O-O-O Qxe2 17. Rhe1 Qxd2+ 18. Kxd2 Rxe1 19. Rxe1
Be6 20. a3 Nxh2 21. Re3 Rb8 22. Ba1 Rb1 23. f3 Nf1+ 0-1

[Event "Detroit (MI Action/4/21)"]
[Site "?"]
[Date "1996.??.??"]
[Round "?"]
[White "Powell, Antione"]
[Black "Ohlemacher, Scott"]
[Result "1-0"]
[WhiteElo "1605"]
[BlackElo "1605"]
[PlyCount "61"]
[EventDate "1996.??.??"]

{4/(21)} 1. e4 e5 2. Nf3 Nc6 3. Nc3 Nf6 4. d4 Bb4 5. Bd3 exd4 6. Nxd4 Nxd4 7.
Be2 O-O 8. Qxd4 a5 9. O-O c5 10. Qd3 c4 11. Qxc4 d6 12. Bf4 Be6 13. Qd4 Bc5 14.
Qd3 Bc4 15. Qxc4 Nh5 16. Bxh5 Qf6 17. Nd5 Qxb2 18. Rab1 Qd4 19. Ne3 Rae8 20.
Bf3 Rc8 21. c3 Qd2 22. Qd5 Qxc3 23. Rbc1 Qxc1 24. Rxc1 Rc7 25. Rb1 Rfc8 26.
Rxb7 Bxe3 27. fxe3 Rc1+ 28. Kf2 R8c2+ 29. Kg3 Rc5 30. Qxf7+ Kh8 31. Qxg7# 1-0

[Event "Ann Arbor (Fall Open/1/5)"]
[Site "?"]
[Date "1996.??.??"]
[Round "?"]
[White "Potter, George"]
[Black "Sellers, Matt"]
[Result "0-1"]
[WhiteElo "1905"]
[BlackElo "1795"]
[PlyCount "86"]
[EventDate "1996.??.??"]

{1/(5)} 1. e4 c6 2. d4 d5 3. exd5 cxd5 4. Nf3 Bg4 5. Be2 Nc6 6. c3 e6 7. Bf4
Nf6 8. Nbd2 Be7 9. O-O O-O 10. Bd3 a6 11. Qc2 Rc8 12. a3 Bh5 13. Be5 Bg6 14.
Bxg6 hxg6 15. Nb3 Ne4 16. Nfd2 Nxe5 17. dxe5 Nc5 18. Nd4 Qc7 19. f4 b5 20. Rf3
Qb6 21. Rh3 Nd7 22. Qd3 Rc5 23. Re1 a5 24. N2b3 Rc4 25. Nd2 Nc5 26. Qc2 Ra4 27.
N2b3 Ne4 28. Nd2 Rxd4 29. cxd4 Qxd4+ 30. Rhe3 Nxd2 31. Kh1 Nc4 32. Rf3 Qxb2 33.
Qd3 Qxa3 34. Qf1 Qc5 35. Qe2 b4 36. Rh3 Qd4 37. Qf3 a4 38. g4 Nd2 39. Qg3 Ne4
40. Qg2 Nf2+ 41. Kg1 Nxh3+ 42. Kf1 Qxf4+ 43. Ke2 Rc8 0-1

[Event "Ann Arbor (Fall Open/4/4)"]
[Site "?"]
[Date "1996.??.??"]
[Round "?"]
[White "Potter, George"]
[Black "Gaiefsky, Mike"]
[Result "0-1"]
[WhiteElo "1905"]
[BlackElo "1880"]
[PlyCount "84"]
[EventDate "1996.??.??"]

{4/(4)} 1. e4 d6 2. d4 Nf6 3. Nc3 g6 4. Be2 Bg7 5. Be3 O-O 6. h3 c5 7. Nf3 cxd4
8. Nxd4 Nbd7 9. O-O Nc5 10. f3 a6 11. a3 Bd7 12. Bc4 Rc8 13. Ba2 Ne6 14. Qd2
Nh5 15. g4 Nhf4 16. h4 Nxd4 17. Bxf4 e5 18. Bg5 Qb6 19. Be3 Qxb2 20. Bxd4 exd4
21. Nd1 Qxa1 22. Bb3 Qxa3 23. h5 Qc5 24. Kg2 Be6 25. hxg6 Bxb3 26. gxh7+ Kh8
27. cxb3 Qc2 28. Rf2 Qxd2 29. Rxd2 Kxh7 30. Kg3 Rh8 31. g5 Kg8 32. f4 Rh1 33.
Kg2 Rxd1 34. Rxd1 Rc3 35. b4 Re3 36. Rc1 Rxe4 37. Kf3 Re3+ 38. Kg4 d3 39. Rd1
Bc3 40. f5 d2 41. b5 Re1 42. bxa6 bxa6 0-1

[Event "Lansing (MOR/6/11)"]
[Site "?"]
[Date "1996.??.??"]
[Round "?"]
[White "Post, Robert"]
[Black "Zuniga, Jesus"]
[Result "1-0"]
[WhiteElo "1635"]
[BlackElo "1605"]
[PlyCount "21"]
[EventDate "1996.??.??"]

{6/(11)} 1. d4 Nf6 2. Bg5 d5 3. Bxf6 exf6 4. e3 Bd6 5. c4 dxc4 6. Bxc4 b6 7.
Qf3 c6 8. Ne2 Qc7 9. Ng3 O-O 10. Bd3 Bxg3 11. Bxh7+ 1-0